<?xml version="1.0" encoding="UTF-8"?>
<record
    xmlns:xsi="http://www.w3.org/2001/XMLSchema-instance"
    xsi:schemaLocation="http://www.loc.gov/MARC21/slim http://www.loc.gov/standards/marcxml/schema/MARC21slim.xsd"
    xmlns="http://www.loc.gov/MARC21/slim">

  <leader>00938nam a2200241 a 4500</leader>
  <controlfield tag="001">000014390</controlfield>
  <controlfield tag="003">OSt</controlfield>
  <controlfield tag="005">20201026100824.0</controlfield>
  <controlfield tag="008">091211s19--    dr ab         000 0 spa d</controlfield>
  <datafield tag="040" ind1=" " ind2=" ">
    <subfield code="a">DO-SdBNP</subfield>
    <subfield code="b">spa</subfield>
    <subfield code="c">BNPHU</subfield>
  </datafield>
  <datafield tag="082" ind1=" " ind2=" ">
    <subfield code="a">xxxx</subfield>
    <subfield code="b">G943c</subfield>
  </datafield>
  <datafield tag="245" ind1="0" ind2="0">
    <subfield code="a">Gu&#xED;a de la ciudad de Santo Domingo /</subfield>
    <subfield code="c">colaboradores Paulino G&#xF3;mez Laranguete , Fiol D'alisa Rivas de G&#xF3;mez, Agust&#xED;n A. F&#xE9;liz L&#xF3;pez, Anyel Luisa F&#xE9;liz L&#xF3;pez y Erick Franco.</subfield>
  </datafield>
  <datafield tag="260" ind1=" " ind2=" ">
    <subfield code="a">Santo Domingo :</subfield>
    <subfield code="b">Sociedad Editorial Dominicana,</subfield>
    <subfield code="c">[19uu].</subfield>
  </datafield>
  <datafield tag="300" ind1=" " ind2=" ">
    <subfield code="a">236 p. :</subfield>
    <subfield code="b">il., map. ;</subfield>
    <subfield code="c">21 cm.</subfield>
  </datafield>
  <datafield tag="500" ind1=" " ind2=" ">
    <subfield code="a">Incluye ap&#xE9;ndice con mapas</subfield>
  </datafield>
  <datafield tag="590" ind1=" " ind2=" ">
    <subfield code="a">Inventariado, 2020/ YL</subfield>
  </datafield>
  <datafield tag="700" ind1="1" ind2=" ">
    <subfield code="a">G&#xF3;mez Laranguete, Paulino,</subfield>
    <subfield code="e">col.</subfield>
    <subfield code="9">32498</subfield>
  </datafield>
  <datafield tag="700" ind1="1" ind2=" ">
    <subfield code="a">Rivas G&#xF3;mez, Fiol D'alisa de,</subfield>
    <subfield code="e">col.</subfield>
    <subfield code="9">32499</subfield>
  </datafield>
  <datafield tag="700" ind1="1" ind2=" ">
    <subfield code="a">F&#xE9;liz L&#xF3;pez, Agust&#xED;n A.,</subfield>
    <subfield code="e">col.</subfield>
    <subfield code="9">32500</subfield>
  </datafield>
  <datafield tag="700" ind1="1" ind2=" ">
    <subfield code="a">F&#xE9;liz L&#xF3;pez, Anyel Luisa,</subfield>
    <subfield code="e">col.</subfield>
    <subfield code="9">32501</subfield>
  </datafield>
  <datafield tag="700" ind1="1" ind2=" ">
    <subfield code="a">Franco, Erick</subfield>
    <subfield code="e">col.</subfield>
    <subfield code="9">32502</subfield>
  </datafield>
  <datafield tag="942" ind1=" " ind2=" ">
    <subfield code="2">ddc</subfield>
    <subfield code="c">LBS1</subfield>
  </datafield>
  <datafield tag="952" ind1=" " ind2=" ">
    <subfield code="0">0</subfield>
    <subfield code="1">0</subfield>
    <subfield code="2">ddc</subfield>
    <subfield code="7">1</subfield>
    <subfield code="8">PD</subfield>
    <subfield code="a">PD</subfield>
    <subfield code="b">PD</subfield>
    <subfield code="c">CT</subfield>
    <subfield code="d">2017-07-27</subfield>
    <subfield code="e">I.C.D.A.</subfield>
    <subfield code="i">LF1</subfield>
    <subfield code="l">0</subfield>
    <subfield code="o">xxxx G943c</subfield>
    <subfield code="p">14390-10</subfield>
    <subfield code="r">2020-06-25</subfield>
    <subfield code="w">2020-06-25</subfield>
    <subfield code="y">LFPD</subfield>
  </datafield>
  <datafield tag="999" ind1=" " ind2=" ">
    <subfield code="c">13981</subfield>
    <subfield code="d">13981</subfield>
  </datafield>
</record>
